|
|
|
|
| LEADER |
01406nam a2200373 a 4500 |
| 001 |
29727 |
| 003 |
BD-DhAAL |
| 005 |
20230525140735.0 |
| 008 |
150826s1993 nyu b 001 0 eng |
| 010 |
|
|
|a 92023568
|
| 020 |
|
|
|a 9780231081047
|
| 020 |
|
|
|a 0231081049 (acidfree paper)
|
| 020 |
|
|
|a 0231081057 (pbk. : acidfree paper)
|
| 040 |
|
|
|a DLC
|c DLC
|d DLC
|d BD-DhAAL
|
| 041 |
1 |
|
|a eng
|
| 043 |
|
|
|a e-fr---
|
| 050 |
0 |
0 |
|a DC34
|b .K7513 1993
|
| 082 |
0 |
0 |
|a 305.800944
|2 20
|
| 100 |
1 |
|
|a Kristeva, Julia,
|d 1941-
|9 13859
|
| 240 |
1 |
0 |
|a Lettre ouverte à Harlem Désir.
|l English
|
| 245 |
1 |
0 |
|a Nations without nationalism /
|c Julia Kristeva ; translated by Leon S. Roudiez.
|
| 260 |
|
|
|a New York :
|b Columbia University Press,
|c c1993.
|
| 300 |
|
|
|a xii, 108 p. ;
|c 22 cm.
|
| 490 |
|
0 |
|a European perspectives
|
| 504 |
|
|
|a Includes bibliographical references (p. 97-102) and index.
|
| 541 |
|
|
|e 29727
|
| 600 |
1 |
0 |
|a Désir, Harlem,
|d 1959-
|x Philosophy.
|9 14104
|
| 600 |
1 |
0 |
|a Gaulle, Charles de,
|d 1890-1970
|x Philosophy.
|9 14105
|
| 650 |
|
0 |
|a National characteristics, French.
|9 14106
|
| 650 |
|
0 |
|a Racism
|z France.
|9 14107
|
| 650 |
|
0 |
|a Nationalism
|z France.
|9 14108
|
| 942 |
|
|
|2 ddc
|c BK
|
| 999 |
|
|
|c 35339
|d 35339
|
| 952 |
|
|
|0 0
|1 0
|2 ddc
|4 0
|6 305_800944000000000_KRI
|7 0
|9 55545
|a BRACUL
|b BRACUL
|c GEN
|d 2015-08-26
|e Karim International
|g 2960.00
|l 1
|o 305.800944 KRI
|p 3010029727
|r 2023-07-16
|s 2023-07-10
|t 1
|w 2015-08-26
|y BK
|